| 000 -LEADER |
| fixed length control field |
00788nam a22001337a 4500 |
| 008 - FIXED-LENGTH DATA ELEMENTS--GENERAL INFORMATION |
| fixed length control field |
250221b ||||| |||| 00| 0 eng d |
| 100 ## - MAIN ENTRY--PERSONAL NAME |
| Personal name |
Kamalakar, Gedam and Kamala, Kandi |
| 245 ## - TITLE STATEMENT |
| Title |
India’s economic corridor through the middle East |
| 260 ## - PUBLICATION, DISTRIBUTION, ETC. (IMPRINT) |
| Place of publication, distribution, etc |
World Affairs: The Journal of International Issues |
| 300 ## - PHYSICAL DESCRIPTION |
| Extent |
28(4), Oct-Dec, 2024: p.130-145 |
| 520 ## - SUMMARY, ETC. |
| Summary, etc |
India’s pursuit of economic through the middle East region has garnered significant attention in recent years. This article officers a strategic analysis of India’s efforts to establish an economic corridor spanning the middle East, examining the geopolitical, economic and diplomatic dominoes involved. – Reproduced |
| 773 ## - HOST ITEM ENTRY |
| Main entry heading |
World Affairs: The Journal of International Issues |
| 942 ## - ADDED ENTRY ELEMENTS (KOHA) |
| Item type |
Articles |